000 00458 a2200181 4500
005 20250619074525.0
020 _a978-0-367-61004-3
082 _a394.260 BLA
100 _aBLADEN, C.
245 _aEVENTS MANAGEMENT: An Introduction
250 _a3rd Ed.
260 _aLondon
_bRoutledge
_c2023.
300 _axxi,465p.:ill.;figures, pictures
_bIndex
_c24cm
700 _aJames Kennell
700 _aEmma Abson
700 _aNick Wilde
942 _2ddc
_cBKS
999 _c4358
_d4358